Historical Communist European States - Statistics

General Stats
  • This quiz has been taken 41 times
    4 since last reset
  • The average score is 23 of 33
Answer Stats
Existed Answer % Correct
1946-1992 Albanian People's Republic
100%
1946-1989 Bulgarian People's Republic
100%
1919-1922 Byelorussian Soviet Socialist Republic
100%
1948-1989 Czechoslovak Socialist Republic
100%
1918-1919 Estonian Workers' Commune
100%
1949-1990 German Democratic Republic
100%
1949-1989 Hungarian People's Republic
100%
1919 Hungarian Soviet Republic
100%
1918-1920 Latvian Socialist Soviet Republic
100%
1919 Lithuanian–Byelorussian Soviet Socialist Republic
100%
1947-1989 Polish People's Republic
100%
1990-1991 Pridnestrovian Moldavian Soviet Socialist Republic
100%
1947-1950 Provisional Democratic Government of Greece
100%
1936-1939 Revolutionary Catalonia
100%
1947-1989 Romanian People's Republic
100%
1917-1922 Russian Soviet Federative Socialist Republic
100%
1919 Slovak Soviet Republic
100%
1919-1922 Ukrainian Soviet Socialist Republic
100%
1922-1991 Union of Soviet Socialist Republics
100%
1934 Asturian Commune
50%
1918 Finnish Socialist Workers' Republic
50%
1921-1922 Free State of Fiume
50%
1919 Limerick Soviet
50%
1871 Paris Commune
50%
1945-1957 Republic of San Marino
50%
1941 Republic of Užice
50%
1945-1992 Socialist Federal Republic of Yugoslavia
50%
1918 Alsace-Lorraine Soviet Republic
0%
1919 Bavarian Soviet Republic
0%
1918-1919 Bremen Soviet Republic
0%
1919 Prekmurje Republic
0%
1921 Serbian-Hungarian Baranya-Baja Republic
0%
1918-1919 Tarnobrzeg Republic
0%
No matching quizzes found
Score Distribution
Percent of People with Each Score
Percentile by Number Answered
Your Score History
You have not taken this quiz since the last reset